000 00695nam a2200217 4500
010 _aA-409706
020 _a8185425027
035 _aA-409706
037 _bCen Lib / Ret
040 _aDPL
_bEN
082 _a954.61
_bSHA
100 _aShaha, Rishikesh
245 _aModern Nepal :
_b a political history, 1769-1955 /
_cby Rishikesh Shaha
260 _aNew Delhi
_bManohar Publications
_c1990
270 _a2/6 Ansari Road Daryajang
_bNew Delhi
_e110015
300 _a(v 1. 318 ; v 2364p)
_b24cm(Hb)
505 _av 1. 1969-1885 ; v 2. 1885-1955
650 _a Nepal -- Politics and government.
650 _aPolitics and government
942 _2ddc
_cEN
_h954.61
_mSHA
999 _c136512
_d136512